000
00278nam a22001337a 4500
020
_a
0706987454
082
_a
510
100
_a
Kothari CR
245
_a
Quantitative Techniques
250
_a
3rd
260
_a
India
_b
Vikas publishing
_c
1984
300
_a
xv,596p
942
_c
BK
999
_c
17790
_d
17790